000 00988nam a2200265 a 4500
001 1133
003 BR-CuiBMT
005 20231130160915.0
008 231129s2010 mtba 000 0 por d
020 _a9788579110191
040 _aBR-CuiBMT
_cBR-CuiBMT
080 _22007
_a001.3
_x(817.2)
090 _a001.3(817.2)
_bL864p
100 1 _aLopes, Márcia
245 1 0 _aPolítica científica regional :
_bo caso da FAPEMAT no Estado de Mato Grosso /
_cMárcia Lopes.
260 _aCáceres :
_bUNEMAT,
_c2010.
300 _a123 p. :
_bil. ;
_c22 cm
490 1 _aSérie inovação e melhoria da gestão pública
504 _aInclui bibliografia.
650 _aCiência e Tecnologia
_xPolítica nacional
_xInstrumentos
_zBrasil
650 _aSistema estadual de ciência e tecnologia
_xEstrutura organizacional
_xFuncionamento
_zMato Grosso
650 _aFapemat
_xTrajetória institucional
_xModelo organizacional
830 0 _aInovação e melhoria da gestão pública
942 _2udc
_cLV
999 _c1133
_d1133